000 00727nam a22002657a 4500
001 0059364
003 KOHA_MİRAKIL
005 20260207004226.0
007 ta
008 160826b1957 tu |||gr||||#||||1|fre |
040 _aTR-BiSEU
_btur
_cTR-BiSEU
_erda
041 0 _afre
044 _ctu
050 _aPC2129
_b.B68 1957
100 1 _aBouzet, J..
245 1 3 _aLa pratique de l'espagnol/
_cJ. Bouzet ; J. Pouzet, A. Cherel.
264 1 _aParis :
_bAssimil
_c1957
300 _a532 pages ;
_c16 cm
336 _ametin
_btxt
_2rdacontent
337 _aaracısız
_bn
_2rdamedia
338 _acilt
_bnc
_2rdacarrier
650 0 _aFransızca--Dilbilgisi.
_9109829
650 0 _aFransızca.
_93708
942 _2lcc
_cBK
999 _c59169
_d59169